[Event "Online Olym Div2 D 2021"]
[Site "chess.com INT"]
[Date "2021.09.03"]
[Round "6.3"]
[Board "6"]
[White "Francisco Guecamburu, Candela Be"]
[Black "Roepke, Sofia"]
[Result "1-0"]
[WhiteTitle "WFM"]
[WhiteElo "2034"]
[BlackElo "1589"]
[WhiteTeam "Argentina"]
[BlackTeam "Uruguay"]
[WhiteFideId "160911"]
[BlackFideId "3006360"]
[EventDate "2021.09.02"]
[EventType "team"]

1. e4 e5 2. Nf3 Nf6 3. Nxe5 d6 4. Nf3 Nxe4 5. Nc3 Nxc3 6. dxc3 Be7 7. Be3 Nc6 8.
Qd2 Be6 9. O-O-O Qd7 10. h4 h6 11. Nd4 Nxd4 12. Bxd4 Rg8 13. c4 c5 14. Bc3 O-O-O
15. Ba5 b6 16. Bc3 Qa4 17. Kb1 d5 18. b3 Qc6 19. cxd5 Rxd5 20. Ba6+ Kb8 21. Qe2
Bd6 22. f3 g6 23. Bc4 Rxd1+ 24. Rxd1 Bxc4 25. Qxc4 Qc7 26. Qe4 Rd8 27. Bf6 Rd7
28. g4 Bg3 29. Qe8+ 1-0

[Event "Online Olym Div2 D 2021"]
[Site "chess.com INT"]
[Date "2021.09.03"]
[Round "6.4"]
[Board "1"]
[White "Lenic, Luka"]
[Black "Diaz Rosas, Julio Cesar"]
[Result "1-0"]
[WhiteTitle "GM"]
[BlackTitle "FM"]
[WhiteElo "2627"]
[BlackElo "2393"]
[WhiteTeam "Slovenia"]
[BlackTeam "Mexico"]
[WhiteFideId "14603853"]
[BlackFideId "5105099"]
[EventDate "2021.09.02"]
[EventType "team"]

1. d4 Nf6 2. c4 g6 3. Nc3 d5 4. cxd5 Nxd5 5. e4 Nxc3 6. bxc3 Bg7 7. Be3 c5 8.
Nf3 Qa5 9. Qd2 O-O 10. Rb1 a6 11. Rc1 Nd7 12. Bd3 e5 13. d5 f5 14. Bh6 fxe4 15.
Bxg7 Kxg7 16. Bxe4 Nf6 17. c4 Qa4 18. Qc2 Qa5+ 19. Qd2 Qa4 20. Bb1 e4 21. Ng5
Bf5 22. Qc3 Rae8 23. O-O h6 24. Nh3 Qd7 25. Nf4 Qd6 26. Qg3 Re5 27. Rfe1 Kh7 28.
Nd3 exd3 29. Qxe5 Qxe5 30. Rxe5 b5 31. Rxf5 gxf5 32. Bxd3 bxc4 33. Rxc4 Nxd5 34.
Rxc5 Nb4 35. Rxf5 Kg7 36. Rxf8 Kxf8 37. Bc4 Ke7 38. h4 Kd6 39. g4 Kc5 40. Bg8
Kd4 41. Kg2 Nd3 42. Kg3 a5 43. f4 Nc5 44. g5 Ke3 45. gxh6 Ne4+ 46. Kg4 Nf6+ 47.
Kg5 1-0

[Event "Online Olym Div2 D 2021"]
[Site "chess.com INT"]
[Date "2021.09.03"]
[Round "6.4"]
[Board "2"]
[White "Sandoval Mercado, Carlos"]
[Black "Borisek, Jure"]
[Result "0-1"]
[WhiteTitle "FM"]
[BlackTitle "GM"]
[WhiteElo "2239"]
[BlackElo "2591"]
[WhiteTeam "Mexico"]
[BlackTeam "Slovenia"]
[WhiteFideId "5109434"]
[BlackFideId "14603152"]
[EventDate "2021.09.02"]
[EventType "team"]

1. d4 f5 2. c4 Nf6 3. Nf3 g6 4. g3 Bg7 5. Bg2 O-O 6. O-O d6 7. Nc3 c6 8. Qb3 Kh8
9. Re1 Ne4 10. Qc2 Nxc3 11. bxc3 Na6 12. e4 e5 13. dxe5 dxe5 14. Ba3 c5 15. Rad1
Qa5 16. Bc1 f4 17. gxf4 Bg4 18. Rd5 Nc7 19. Nxe5 Nxd5 20. cxd5 Bh5 21. Bd2 g5
22. c4 Qc7 23. Nd3 gxf4 24. e5 f3 25. Bh3 Bg6 26. Bc3 Qe7 27. Kh1 Qh4 28. Bd7
Qxc4 29. Re3 Rad8 30. Be6 Bh6 31. Bf7 Bxe3 32. e6+ Bd4 33. Ne5 Qxc3 34. Nxg6+
hxg6 0-1

[Event "Online Olym Div2 D 2021"]
[Site "chess.com INT"]
[Date "2021.09.03"]
[Round "6.4"]
[Board "3"]
[White "Janzelj, Lara"]
[Black "Corrales Jimenez, Zenia"]
[Result "0-1"]
[WhiteTitle "WIM"]
[BlackTitle "WIM"]
[WhiteElo "2186"]
[BlackElo "2198"]
[WhiteTeam "Slovenia"]
[BlackTeam "Mexico"]
[WhiteFideId "14608391"]
[BlackFideId "3506355"]
[EventDate "2021.09.02"]
[EventType "team"]

1. d4 Nf6 2. c4 g6 3. Nc3 d5 4. cxd5 Nxd5 5. e4 Nxc3 6. bxc3 Bg7 7. Qa4+ Qd7 8.
Bb5 c6 9. Be2 O-O 10. Be3 c5 11. Qxd7 Bxd7 12. Rb1 cxd4 13. cxd4 Nc6 14. Rxb7
Bc8 15. Rc7 Nxd4 16. Rxe7 Nc2+ 17. Kd2 Nxe3 18. Kxe3 Be6 19. a4 Rfc8 20. Nf3
Bh6+ 21. Kd4 Rc2 22. Rxe6 fxe6 23. Bb5 Rd8+ 24. Ke5 Kf7 0-1

[Event "Online Olym Div2 D 2021"]
[Site "chess.com INT"]
[Date "2021.09.03"]
[Round "6.4"]
[Board "4"]
[White "Guerrero Rodriguez, Alejandra"]
[Black "Vidic, Teja"]
[Result "0-1"]
[WhiteTitle "WIM"]
[BlackTitle "WIM"]
[WhiteElo "2019"]
[BlackElo "2172"]
[WhiteTeam "Mexico"]
[BlackTeam "Slovenia"]
[WhiteFideId "5104297"]
[BlackFideId "14605511"]
[EventDate "2021.09.02"]
[EventType "team"]

1. e4 e5 2. Nf3 Nc6 3. Bb5 a6 4. Ba4 b5 5. Bb3 g6 6. d3 Bg7 7. c3 Nge7 8. O-O
O-O 9. Bg5 h6 10. Be3 d6 11. h3 Kh7 12. d4 f5 13. dxe5 fxe4 14. Nfd2 d5 15. f4
exf3 16. Nxf3 Be6 17. Nbd2 Nxe5 18. Nxe5 Bxe5 19. Rxf8 Qxf8 20. Qe2 Nc6 21. Rf1
Qd6 22. Nf3 Bg7 23. Qf2 Ne5 24. Nd4 Bg8 25. Qh4 c5 26. Ne2 Re8 27. Ng3 Nd3 28.
Rf3 Ne1 29. Bf4 Nxf3+ 30. gxf3 Qe6 31. Bc2 Qe1+ 32. Kg2 Re2+ 0-1

[Event "Online Olym Div2 D 2021"]
[Site "chess.com INT"]
[Date "2021.09.03"]
[Round "6.4"]
[Board "5"]
[White "Tisaj, Domen"]
[Black "Garcia de Dios, Jose Antonio"]
[Result "1-0"]
[WhiteTitle "FM"]
[BlackTitle "CM"]
[WhiteElo "2357"]
[BlackElo "2189"]
[WhiteTeam "Slovenia"]
[BlackTeam "Mexico"]
[WhiteFideId "14628708"]
[BlackFideId "5128919"]
[EventDate "2021.09.02"]
[EventType "team"]

1. d4 Nf6 2. c4 e6 3. g3 d5 4. Bg2 Be7 5. Nf3 O-O 6. O-O dxc4 7. Qc2 b6 8. Bg5
Bb7 9. Bxf6 Bxf6 10. Ng5 Bxg5 11. Bxb7 Nd7 12. Bxa8 Qxa8 13. Qxc4 Rc8 14. Nc3 c6
15. e4 b5 16. Qe2 a6 17. Rad1 Nb6 18. b3 Bf6 19. e5 Be7 20. Ne4 Nd5 21. Rc1 Ba3
22. Rc2 Nb4 23. Rd2 Nd5 24. Rfd1 Qa7 25. Qd3 h6 26. Kg2 a5 27. Re2 Qb6 28. Nc3
Nc7 29. Rc2 Na6 30. Qe4 Bf8 31. Qf3 Rd8 32. Ne4 Nb4 33. Rcd2 Nd5 34. h4 Ra8 35.
Rc2 Ba3 36. Nc3 Nb4 37. Rcd2 Na6 38. Nb1 Be7 39. Rc1 Nb4 40. a3 Nd5 41. Rdc2 Rc8
42. Qe4 Rc7 43. a4 bxa4 44. bxa4 Qb3 45. Rxc6 Rxc6 46. Rxc6 Qxa4 47. Rc8+ Bf8
48. Nd2 Qd7 49. Ra8 a4 50. Qf3 a3 51. Qxa3 Ne7 52. Nf3 g6 53. Qd6 Qb7 54. Qb8
Qxb8 55. Rxb8 Kg7 56. Rb7 Nd5 57. Nd2 g5 58. h5 Kg8 59. Ne4 Ba3 60. Nd6 Bxd6 61.
exd6 Kf8 62. Rb8+ 1-0

[Event "Online Olym Div2 D 2021"]
[Site "chess.com INT"]
[Date "2021.09.03"]
[Round "6.4"]
[Board "6"]
[White "Ortega Beltran, Ximena"]
[Black "Urh, Zala"]
[Result "0-1"]
[BlackTitle "WIM"]
[WhiteElo "1724"]
[BlackElo "2234"]
[WhiteTeam "Mexico"]
[BlackTeam "Slovenia"]
[WhiteFideId "5125090"]
[BlackFideId "14611481"]
[EventDate "2021.09.02"]
[EventType "team"]

1. Nf3 Nf6 2. c4 e6 3. g3 d5 4. Bg2 Be7 5. b3 O-O 6. O-O c5 7. e3 d4 8. exd4
cxd4 9. Bb2 Nc6 10. Re1 Re8 11. a3 a5 12. d3 Bf8 13. Ne5 Nxe5 14. Rxe5 Nd7 15.
Rb5 Nc5 16. b4 axb4 17. axb4 Rxa1 18. Bxa1 Na6 19. Bxb7 Nc7 20. Rb6 Nd5 21. Rb5
Bxb7 22. cxd5 Bxd5 23. Bxd4 Bc6 24. Rb6 Qd5 25. Rxc6 Qxc6 26. Nc3 Bxb4 27. Qg4
e5 28. Bxe5 Rxe5 29. Qxb4 Re1# 0-1

[Event "Online Olym Div2 D 2021"]
[Site "chess.com INT"]
[Date "2021.09.03"]
[Round "6.5"]
[Board "1"]
[White "Silva, David"]
[Black "Martinez Reyes, Pedro Ramon"]
[Result "0-1"]
[WhiteTitle "IM"]
[BlackTitle "FM"]
[WhiteElo "2312"]
[BlackElo "2404"]
[WhiteTeam "Angola"]
[BlackTeam "Venezuela"]
[WhiteFideId "10101314"]
[BlackFideId "3901807"]
[EventDate "2021.09.02"]
[EventType "team"]

1. e4 e6 2. d4 d5 3. Nd2 c5 4. Ngf3 Nf6 5. e5 Ne4 6. c3 cxd4 7. cxd4 Qb6 8. Bd3
Nxd2 9. Bxd2 Bd7 10. O-O Bb5 11. Bxb5+ Qxb5 12. b4 Nc6 13. Rb1 Be7 14. a4 Qb6
15. Bc3 O-O 16. Qd2 a6 17. Rfc1 h6 18. Ne1 Qd8 19. Nd3 b5 20. Ba1 Qd7 21. a5
Rfc8 22. Nc5 Bxc5 23. Rxc5 Ne7 24. Rbc1 Rxc5 25. Rxc5 Rc8 26. Qc2 Rc6 27. Bb2
Qc7 28. g3 Rxc5 29. dxc5 Nc6 30. Qd2 Qd8 31. Bd4 Qg5 32. Qxg5 hxg5 33. Bc3 d4
34. Bb2 Nxe5 35. Kf1 Nc6 36. Bc1 Nxb4 37. Bxg5 f6 38. Bd2 Nc6 39. Ke2 Kf7 40. h4
e5 41. f3 Ke6 42. g4 Kd5 43. Kd3 b4 44. h5 b3 45. Bc1 Nxa5 46. Ba3 Nc6 0-1

[Event "Online Olym Div2 D 2021"]
[Site "chess.com INT"]
[Date "2021.09.03"]
[Round "6.5"]
[Board "2"]
[White "Abiad Parra, Carlos Jose"]
[Black "Miguel, Sergio"]
[Result "1-0"]
[WhiteTitle "CM"]
[BlackTitle "FM"]
[WhiteElo "2198"]
[BlackElo "2297"]
[WhiteTeam "Venezuela"]
[BlackTeam "Angola"]
[WhiteFideId "3910202"]
[BlackFideId "10100792"]
[EventDate "2021.09.02"]
[EventType "team"]

1. e4 e5 2. Nf3 Nc6 3. d4 exd4 4. Nxd4 Bc5 5. Nb3 Bb6 6. Nc3 Nge7 7. Qe2 O-O 8.
Be3 d6 9. O-O-O Be6 10. h3 Qd7 11. g4 Rae8 12. f4 Bc4 13. Qf3 Bxf1 14. Rhxf1 f6
15. Kb1 Bxe3 16. Qxe3 f5 17. Qd3 fxg4 18. Nc5 Qc8 19. Qc4+ Kh8 20. Ne6 Na5 21.
Qxc7 Qxe6 22. Qxa5 gxh3 23. Qxa7 Qg4 24. Qxb7 Ng6 25. f5 Ne5 26. Rg1 Rb8 27. Qa7
Ra8 28. Qc7 Rfc8 29. Qxd6 Qf4 30. Qe7 Rg8 31. Rgf1 Nf3 32. Rf2 h2 33. Qd7 Qe3
34. Rg2 h6 35. Qd6 Rad8 36. Qxd8 Rxd8 37. Rxd8+ Kh7 38. Rd1 Nd2+ 39. Rgxd2 Qxd2
40. Rxd2 h1=Q+ 41. Rd1 Qf3 42. a4 Qe3 43. Rd3 Qc5 44. Rd5 Qg1+ 45. Rd1 Qc5 46.
Re1 Qe5 47. Nd5 h5 48. a5 h4 49. a6 Qd6 50. a7 Qa6 51. e5 Qxa7 52. e6 Qa5 53.
Nc3 Qa8 54. e7 Qe8 55. Nd5 h3 56. Nc7 Qd7 57. e8=Q 1-0

[Event "Online Olym Div2 D 2021"]
[Site "chess.com INT"]
[Date "2021.09.03"]
[Round "6.5"]
[Board "3"]
[White "Caxita, Esperanca"]
[Black "Varela La Madrid, Tilsia Carolina"]
[Result "0-1"]
[WhiteTitle "WIM"]
[BlackTitle "WIM"]
[WhiteElo "1865"]
[BlackElo "2087"]
[WhiteTeam "Angola"]
[BlackTeam "Venezuela"]
[WhiteFideId "10100903"]
[BlackFideId "3903001"]
[EventDate "2021.09.02"]
[EventType "team"]

1. e4 e5 2. Nf3 Nc6 3. Bc4 Nf6 4. d3 Bc5 5. c3 h6 6. Nbd2 O-O 7. O-O d5 8. exd5
Nxd5 9. Ne4 Be7 10. h3 Be6 11. Re1 f5 12. Ng3 Bf6 13. b4 Kh8 14. Bb2 a6 15. Bxd5
Bxd5 16. Nxf5 Bg5 17. Nxg5 Qxg5 18. Ng3 Rxf2 19. Kxf2 Rf8+ 20. Kg1 Qxg3 21. Qd2
Rf3 22. c4 Rxd3 23. Qf2 Qxf2+ 24. Kxf2 Bxc4 25. Bxe5 Rd2+ 26. Kg3 Bd5 27. Bxc7
Rxg2+ 28. Kf4 Nxb4 29. Re8+ Kh7 30. a3 Bc6 31. Rc8 Nd5+ 32. Ke5 Re2+ 33. Kd6 Ne7
34. Rf8 Ng6 35. Rff1 Rd2+ 36. Kc5 Rd5+ 37. Kb4 Rd4+ 38. Kc3 Rh4 39. Rfd1 Rxh3+
40. Rd3 Rh5 41. Rg1 Ne7 42. Rdg3 g5 43. Kd2 Rh2+ 44. Kd3 Ra2 45. Kc4 Rc2+ 46.
Kb3 Re2 47. Rh3 Kg6 48. Bd6 Nf5 49. Bc5 a5 50. Rf1 Bg2 51. Rxf5 Bxh3 52. Rf3
Be6+ 53. Kc3 Re5 54. Bd4 Rf5 55. Re3 Kf7 56. Kd3 h5 57. Ke2 h4 58. Rf3 Rxf3 59.
Kxf3 Kg6 60. Bc3 a4 61. Be5 Kf5 62. Bc7 g4+ 63. Kg2 Bd5+ 64. Kh2 g3+ 65. Kh3 g2
66. Bb6 Kg5 67. Bd8+ Kh5 68. Bb6 Bc6 69. Bf2 b5 70. Bc5 b4 71. axb4 a3 72. b5
Bb7 73. Kh2 a2 74. Bd4 Kg4 75. b6 Kf3 76. Bf6 h3 77. Bc3 Ke2 78. Kg1 h2+ 79.
Kxh2 Kf1 80. Bd4 a1=Q 0-1

[Event "Online Olym Div2 D 2021"]
[Site "chess.com INT"]
[Date "2021.09.03"]
[Round "6.5"]
[Board "4"]
[White "Patino Garcia, Corals"]
[Black "Junior, Ednasia"]
[Result "0-1"]
[WhiteTitle "WFM"]
[BlackTitle "WFM"]
[WhiteElo "1916"]
[BlackElo "1867"]
[WhiteTeam "Venezuela"]
[BlackTeam "Angola"]
[WhiteFideId "3902781"]
[BlackFideId "10105980"]
[EventDate "2021.09.02"]
[EventType "team"]

1. d4 Nf6 2. Bf4 g6 3. Nc3 Bg7 4. e4 d6 5. Qd2 O-O 6. O-O-O Nbd7 7. f3 c5 8.
dxc5 dxc5 9. Bh6 Qa5 10. h4 Ne5 11. h5 Nxh5 12. Bxg7 Kxg7 13. g4 Nxg4 14. fxg4
Bxg4 15. Be2 Rfd8 16. Qg5 Rxd1+ 17. Bxd1 Bxd1 18. Kxd1 f6 19. Qg4 Kf7 20. Nge2
Rd8+ 21. Kc1 b5 22. Nf4 b4 23. Qe6+ Kf8 24. Ncd5 Rxd5 25. Nxd5 Qd8 26. Rd1 Qd6
27. Qg4 Qe5 28. Kb1 Kf7 29. b3 Ng3 30. Qh3 h5 31. Rg1 Nxe4 32. Qd3 f5 33. Rd1 h4
34. Qc4 Kg7 35. Qd3 Nf2 36. Qe3 Qxe3 37. Nxe3 Nxd1 38. Nxd1 h3 39. Nf2 h2 40.
Kc1 g5 41. Kd2 g4 42. Nh1 f4 43. Ke2 e5 44. Kf2 Kg6 45. Kg2 g3 46. Kf3 Kf5 47.
Kg2 e4 48. Kf1 Kg4 49. Kg2 f3+ 0-1

[Event "Online Olym Div2 D 2021"]
[Site "chess.com INT"]
[Date "2021.09.03"]
[Round "6.5"]
[Board "5"]
[White "Junior, Domingos"]
[Black "Escalona Landi, Samid Eduardo"]
[Result "0-1"]
[WhiteTitle "FM"]
[BlackTitle "CM"]
[WhiteElo "2118"]
[BlackElo "2122"]
[WhiteTeam "Angola"]
[BlackTeam "Venezuela"]
[WhiteFideId "10105972"]
[BlackFideId "3937437"]
[EventDate "2021.09.02"]
[EventType "team"]

1. e4 c5 2. Nf3 d6 3. d4 cxd4 4. Nxd4 Nf6 5. Nc3 g6 6. Be2 Bg7 7. Be3 O-O 8. f3
Nc6 9. Qd2 Bd7 10. O-O-O Rc8 11. g4 Ne5 12. h4 h5 13. Bh6 Bxh6 14. Qxh6 Rxc3 15.
bxc3 Qc7 16. Qe3 hxg4 17. h5 Rc8 18. hxg6 Nxg6 19. c4 Qc5 20. f4 e5 21. fxe5
dxe5 22. Nf5 Bxf5 23. Qxc5 Rxc5 24. exf5 Nf4 25. Rh2 e4 26. Bxg4 Rxc4 27. Be2
Rc5 28. Rf1 N4d5 29. Rg1+ Kf8 30. Bd1 Ne3 31. Re2 Nxf5 32. Rg5 Ke7 33. Rf2 Ke6
34. Kb2 b6 35. c3 Ne3 36. Bb3+ Ke7 37. Rxc5 bxc5 38. Re2 Nfg4 39. Bc2 f5 40. Kb3
Kd6 41. Rd2+ Ke5 42. Bd1 Nf6 43. Ka4 Nfd5 44. Kb3 c4+ 45. Kb2 f4 46. Ba4 f3 47.
Bb5 Nf4 48. Kc1 Nd3+ 49. Kb1 f2 50. Rxf2 Nxf2 0-1

[Event "Online Olym Div2 D 2021"]
[Site "chess.com INT"]
[Date "2021.09.03"]
[Round "6.5"]
[Board "6"]
[White "Matute Escobar, Roxanny"]
[Black "Paulo, Jemima"]
[Result "1-0"]
[WhiteTitle "WFM"]
[WhiteElo "1899"]
[BlackElo "1754"]
[WhiteTeam "Venezuela"]
[BlackTeam "Angola"]
[WhiteFideId "3926028"]
[BlackFideId "10110836"]
[EventDate "2021.09.02"]
[EventType "team"]

1. e4 c5 2. Nf3 d6 3. d4 cxd4 4. Nxd4 Nf6 5. Nc3 g6 6. Be3 Bg7 7. f3 O-O 8. Qd2
Nc6 9. Bc4 Bd7 10. h4 Rc8 11. Bb3 Ne5 12. g4 b5 13. O-O-O Nc4 14. Bxc4 Rxc4 15.
h5 Qa5 16. Kb1 Rfc8 17. hxg6 fxg6 18. Bh6 Bxh6 19. Qxh6 Rxc3 20. bxc3 Qxc3 21.
Rd3 Qb4+ 22. Ka1 Qc5 23. g5 Nh5 24. f4 Be8 25. f5 Qe5 26. Kb1 Qxe4 27. Rxh5 gxh5
28. Ne6 Qe5 29. Qf8# 1-0

[Event "Online Olym Div2 D 2021"]
[Site "chess.com INT"]
[Date "2021.09.04"]
[Round "7.1"]
[Board "1"]
[White "Ynojosa Aponte, Felix Jose"]
[Black "Karim, Ismael"]
[Result "1-0"]
[WhiteTitle "IM"]
[BlackTitle "IM"]
[WhiteElo "2393"]
[BlackElo "2351"]
[WhiteTeam "Venezuela"]
[BlackTeam "Morocco"]
[WhiteFideId "3900258"]
[BlackFideId "625736"]
[EventDate "2021.09.02"]
[EventType "team"]

1. e4 c5 2. c3 d5 3. exd5 Qxd5 4. d4 g6 5. Nf3 Bg7 6. Be3 cxd4 7. cxd4 Nh6 8.
Qc1 Bg4 9. Bxh6 Qe6+ 10. Be3 Bxf3 11. gxf3 Nc6 12. Bb5 O-O 13. Bxc6 bxc6 14. O-O
Rfd8 15. Rd1 Rd5 16. Nc3 Rh5 17. Bf4 Rd8 18. Qe3 Qf5 19. Bg3 Bf6 20. Ne4 Bh4 21.
Rac1 Qh3 22. Qf4 f5 23. Nc5 g5 24. Qc7 Rf8 25. Ne6 f4 26. Qxe7 1-0

[Event "Online Olym Div2 D 2021"]
[Site "chess.com INT"]
[Date "2021.09.04"]
[Round "7.1"]
[Board "2"]
[White "Ali, Sebbar"]
[Black "Vivas Zamora, Fabian Ernesto"]
[Result "1/2-1/2"]
[WhiteTitle "IM"]
[BlackTitle "FM"]
[WhiteElo "2399"]
[BlackElo "2344"]
[WhiteTeam "Morocco"]
[BlackTeam "Venezuela"]
[WhiteFideId "8100977"]
[BlackFideId "3902480"]
[EventDate "2021.09.02"]
[EventType "team"]

1. d4 Nf6 2. Nf3 g6 3. Bg5 Bg7 4. Nbd2 c5 5. e3 cxd4 6. exd4 O-O 7. Bd3 Nc6 8.
c3 d6 9. O-O h6 10. Bh4 Qc7 11. Re1 e5 12. Bg3 Nh5 13. dxe5 dxe5 14. Be4 Nxg3
15. hxg3 Be6 16. Qa4 Rad8 17. Nb3 Bd5 18. Rad1 Bxe4 19. Qxe4 Qb6 20. Qc4 Kh7 21.
Rxd8 Qxd8 22. Nc5 Qe7 23. Rd1 b6 24. Nb3 Rd8 25. Rxd8 Nxd8 26. Nbd2 Ne6 27. Qd5
Nc5 28. Nc4 e4 29. Nfd2 f5 30. Nf1 Nd3 31. a4 h5 32. Nfe3 Qg5 33. Nd6 Nxb2 34.
Nxe4 Qe7 35. Nxf5 gxf5 36. Qxf5+ Kg8 37. Ng5 Qf6 38. Qh7+ Kf8 39. Qxh5 Qe7 40.
Qf3+ Kg8 41. Qd5+ Kf8 42. Qa8+ Qe8 43. Ne6+ Kf7 44. Qxe8+ Kxe8 45. Nxg7+ Kf7 46.
Nf5 Nxa4 47. c4 Nb2 48. Nd6+ Ke6 49. Nc8 a5 50. Nxb6 a4 51. Nxa4 Nxa4 52. g4 Nb2
53. c5 Nd3 54. c6 Kd6 55. g5 Nf4 56. Kh2 Kxc6 57. Kg3 Nd5 58. f4 Kd6 59. Kf3 Ke6
60. g4 Ne7 61. Ke4 Kf7 62. f5 Nc6 63. Kf4 Ne7 64. Ke5 Nc6+ 65. Kd6 Nd4 66. Kd5
Nf3 67. g6+ Kf6 68. Ke4 Ng5+ 69. Kf4 Nh3+ 70. Kg3 Ng5 71. Kh4 Ne4 72. Kh5 Kg7
73. g5 Ng3+ 74. Kg4 Ne4 75. Kf4 Nd6 76. Ke5 Nc4+ 77. Ke6 Ne3 78. Ke5 Nc4+ 79.
Kf4 Nd6 80. Kg4 Ne4 81. Kf4 Nd6 1/2-1/2

[Event "Online Olym Div2 D 2021"]
[Site "chess.com INT"]
[Date "2021.09.04"]
[Round "7.1"]
[Board "3"]
[White "Varela La Madrid, Tilsia Carolina"]
[Black "Mayar ElIdrissi, Firdaous"]
[Result "1-0"]
[WhiteTitle "WIM"]
[WhiteElo "2087"]
[BlackElo "1760"]
[WhiteTeam "Venezuela"]
[BlackTeam "Morocco"]
[WhiteFideId "3903001"]
[BlackFideId "9001727"]
[EventDate "2021.09.02"]
[EventType "team"]

1. e4 c6 2. d4 d5 3. Nc3 dxe4 4. Nxe4 Bf5 5. Ng3 Bg6 6. h4 h6 7. h5 Bh7 8. Nf3
Nd7 9. Bd3 Bxd3 10. Qxd3 e6 11. Bf4 Ngf6 12. O-O-O Nd5 13. Bd2 Qc7 14. Ne4 O-O-O
15. Kb1 N7f6 16. g3 Nxe4 17. Qxe4 Nf6 18. Qe2 Bd6 19. c4 c5 20. Bc3 Rhe8 21.
dxc5 Bxc5 22. Ne5 Kb8 23. f4 Bd6 24. g4 Qe7 25. g5 Nd7 26. Nxd7+ Rxd7 27. Bxg7
hxg5 28. fxg5 Qxg5 29. Rxd6 Rxd6 30. Be5 Rd8 31. c5 Ka8 32. Bxd6 Qd5 33. Rd1 1-0

[Event "Online Olym Div2 D 2021"]
[Site "chess.com INT"]
[Date "2021.09.04"]
[Round "7.1"]
[Board "4"]
[White "Zahid, Wassima"]
[Black "Alvarado Arcila, Marvia Josefina"]
[Result "0-1"]
[BlackTitle "WFM"]
[WhiteElo "1531"]
[BlackElo "1967"]
[WhiteTeam "Morocco"]
[BlackTeam "Venezuela"]
[WhiteFideId "9002677"]
[BlackFideId "3909034"]
[EventDate "2021.09.02"]
[EventType "team"]

1. e4 g6 2. d4 Bg7 3. Nf3 d6 4. Be2 c6 5. O-O Nf6 6. Nc3 O-O 7. h3 b5 8. e5 Ne8
9. a3 Nd7 10. Bf4 a6 11. Qd2 Qc7 12. exd6 exd6 13. Ne4 f5 14. Neg5 Ndf6 15. Qe3
Nd5 16. Qb3 Kh8 17. Bd2 h6 18. h4 Nef6 19. Nh3 Ne4 20. c4 Ndf6 21. Bd3 Be6 22.
Bxe4 fxe4 23. d5 bxc4 24. Qxc4 Bxd5 25. Qc2 exf3 26. Qxg6 Be4 27. Qg3 Rg8 28.
Nf4 Bf8 29. Qh2 Qg7 30. g3 Re8 31. Qh3 Qe7 32. Rfe1 d5 33. Bc3 Kh7 34. Rac1 Qd6
35. Kh2 Qe7 36. Rcd1 Ng4+ 37. Kg1 Qd6 38. Nh5 Qg6 39. Nf4 Qd6 40. Nh5 Qe7 41.
Nf4 Qf7 42. Qf1 Bd6 43. Nh3 Ne5 44. Kh2 Ng6 45. Qxa6 Nxh4 46. Nf4 Bxf4 47. gxf4
Qxf4+ 48. Kh1 Ng6 49. Qb7+ Re7 50. Qxc6 Qh4+ 51. Kg1 Nf4+ 52. Kf1 Qh1# 0-1

[Event "Online Olym Div2 D 2021"]
[Site "chess.com INT"]
[Date "2021.09.04"]
[Round "7.1"]
[Board "6"]
[White "Makhlouf, Ahlam"]
[Black "Gonzalez Gonzalez, Maria Alejandra"]
[Result "1-0"]
[WhiteTitle "WFM"]
[WhiteElo "1419"]
[BlackElo "1547"]
[WhiteTeam "Morocco"]
[BlackTeam "Venezuela"]
[WhiteFideId "9003380"]
[BlackFideId "3936040"]
[EventDate "2021.09.02"]
[EventType "team"]

1. e4 e6 2. d4 d5 3. exd5 exd5 4. Bd3 Bd6 5. Nf3 Ne7 6. O-O O-O 7. h3 Bf5 8. Nc3
c6 9. Bg5 f6 10. Bh4 Qc7 11. Ne2 Nd7 12. Bg3 Rfe8 13. Bxd6 Qxd6 14. Ng3 Bxd3 15.
Qxd3 Ng6 16. Nf5 Qc7 17. g3 Re6 18. c4 Nb6 19. c5 Nd7 20. Nd6 b6 21. b4 a5 22.
Qf5 Ngf8 23. Rfe1 Rxe1+ 24. Rxe1 axb4 25. Re7 bxc5 26. dxc5 Qd8 27. Re8 Qa5 28.
Qe6+ Kh8 29. Nf7+ Kg8 30. Nh6+ Kh8 31. Qg8# 1-0

[Event "Online Olym Div2 D 2021"]
[Site "chess.com INT"]
[Date "2021.09.04"]
[Round "7.2"]
[Board "1"]
[White "Garcia Guerrero, Isaac Antonio"]
[Black "Silva, David"]
[Result "0-1"]
[WhiteTitle "FM"]
[BlackTitle "IM"]
[WhiteElo "2368"]
[BlackElo "2312"]
[WhiteTeam "Mexico"]
[BlackTeam "Angola"]
[WhiteFideId "5110475"]
[BlackFideId "10101314"]
[EventDate "2021.09.02"]
[EventType "team"]

1. d4 Nf6 2. Bg5 d5 3. Bxf6 exf6 4. e3 Bd6 5. g3 O-O 6. Bg2 c6 7. Ne2 f5 8. O-O
Nd7 9. Nd2 Nf6 10. c4 Be6 11. Qc2 Ne4 12. cxd5 cxd5 13. Nf3 Qb6 14. Rfc1 Rfc8
15. Qb3 Rc4 16. Qxb6 axb6 17. Nc3 h6 18. Bf1 Rc6 19. Bb5 Rc7 20. a4 Rac8 21. Ne2
Rc2 22. Rab1 Nd2 23. Nxd2 Rxd2 24. Rxc8+ Bxc8 25. Kf1 g5 26. Nc3 f4 27. Nxd5 Bf5
28. e4 Bh3+ 29. Ke1 Rxd4 30. Nf6+ Kf8 31. Ke2 Be5 32. Nd5 Rxe4+ 33. Kf3 Rd4 34.
Nxb6 Bf5 35. Re1 g4+ 36. Kg2 f3+ 37. Kf1 Bc7 38. a5 Rb4 39. Nd5 Rxb5 40. Nxc7
Bd3+ 41. Kg1 Rxa5 42. Ne8 Ra6 43. Nc7 Rb6 44. Nd5 Rxb2 45. Nf6 Bf5 46. h4 Re2
47. Rd1 b5 48. Nd5 Bc2 49. Ra1 h5 50. Ne3 b4 51. Ra8+ Kg7 52. Rb8 b3 53. Nc4 Bd3
54. Na3 Re1+ 55. Kh2 Bf1 56. Rxb3 Bg2 57. Rb1 Re2 58. Kg1 Bh3 59. Nc4 f5 60.
Rb7+ Kf8 61. Rb1 f4 62. gxf4 g3 63. fxg3 f2+ 64. Kh1 Re1+ 0-1

[Event "Online Olym Div2 D 2021"]
[Site "chess.com INT"]
[Date "2021.09.04"]
[Round "7.2"]
[Board "2"]
[White "Miguel, Sergio"]
[Black "Sandoval Mercado, Carlos"]
[Result "1-0"]
[WhiteTitle "FM"]
[BlackTitle "FM"]
[WhiteElo "2297"]
[BlackElo "2239"]
[WhiteTeam "Angola"]
[BlackTeam "Mexico"]
[WhiteFideId "10100792"]
[BlackFideId "5109434"]
[EventDate "2021.09.02"]
[EventType "team"]

1. e4 c5 2. Nf3 d6 3. d4 cxd4 4. Nxd4 Nf6 5. Nc3 a6 6. h3 e5 7. Nde2 h5 8. Bg5
Be6 9. f4 Nbd7 10. f5 Bc4 11. Ng3 Rc8 12. Qf3 b5 13. Bxc4 Rxc4 14. Nf1 d5 15.
Nxd5 Qa5+ 16. Bd2 b4 17. Nfe3 Rxe4 18. O-O Bc5 19. Kh1 Rd4 20. Nxf6+ Nxf6 21.
Qc6+ Ke7 22. c3 Rd6 23. Qf3 e4 24. Qg3 Qb5 25. c4 Qb6 26. Nd5+ Nxd5 27. Qxg7 Bd4
28. f6+ Bxf6 29. Bg5 Bxg5 30. Rxf7+ Ke6 31. cxd5+ Kxd5 32. Qxg5+ Kc4 33. Rc7+
Kd3 34. Rd1+ Ke2 35. Rc2+ Kxd1 36. Qc1# 1-0